ASL Picture Click: Holiday Words Quiz Stats

 Plays Quiz not verified by Sporcle

Score 0/12 Timer 05:00
0 Plays Today
% Correct
Christmas
71.9%
Easter
59.1%
Celebration
49.2%
Valentine's Day
46.8%
Mother's Day
44.7%
Thanksgiving
42.4%
Father's Day
42.4%
Independence Day
42.1%
Hallowe'en
41.7%
Holiday
34.2%
New Year's
32.3%
Memorial Day
31.4%

You're not logged in!

Compare scores with friends on all Sporcle quizzes.
OR
Log In

Show Comments

Extras

Top Quizzes Today


Score Distribution

Your Account Isn't Verified!

In order to create a playlist on Sporcle, you need to verify the email address you used during registration. Go to your Sporcle Settings to finish the process.

Report this User

Report this user for behavior that violates our Community Guidelines.

Details: